[Event "AUT-ch U10 Online Rapid"]
[Site "Playchess.com INT"]
[Date "2020.12.13"]
[Round "1"]
[White "Anhofer, Nikolaus"]
[Black "Wallinger, Nikolaus"]
[Result "0-1"]
[WhiteElo "1468"]
[BlackElo "1830"]
[PlyCount "70"]
[EventDate "2020.12.13"]
[EventType "swiss (rapid)"]
[EventRounds "7"]
[EventCountry "AUT"]
[SourceTitle "EXT 2022"]
[Source "ChessBase"]
[SourceDate "2021.10.06"]
[SourceVersion "1"]
[SourceVersionDate "2021.10.06"]
[SourceQuality "1"]

1. e4 c5 2. Nf3 e6 3. d4 cxd4 4. Nxd4 a6 5. Nc3 b5 6. Bd3 Bb7 7. 0-0 d6 8. Re1 Be7 9. Bf4 e5 10. Bxe5 dxe5 11. Nf3 Nf6 12. Nxe5 Bc5 13. Qd2 0-0 14. Rad1 Qc7 15. Nf3 Nc6 16. h3 Rad8 17. Qe2 Rfe8 18. Rd2 Nd4 19. Qd1 Nxf3+ 20. Qxf3 Bb4 21. Qe2 Bxc3 22. bxc3 Qxc3 23. Rc1 Nxe4 24. Bxe4 Rxd2 25. Bxh7+ Kf8 26. Qh5 Qd4 27. Rf1 Qd5 28. Qxd5 Bxd5 29. Bd3 Bc4 30. Bxc4 bxc4 31. Rb1 Rxc2 32. Rb4 Rxa2 33. Rxc4 g6 34. Kf1 Ra1+ 35. Rc1 Rxc1# 0-1

[Event "AUT-ch U10 Online Rapid"]
[Site "Playchess.com INT"]
[Date "2020.12.13"]
[Round "2"]
[White "Hegedues, Hugo"]
[Black "Anhofer, Nikolaus"]
[Result "0-1"]
[WhiteElo "1359"]
[BlackElo "1468"]
[PlyCount "120"]
[EventDate "2020.12.13"]
[EventType "swiss (rapid)"]
[EventRounds "7"]
[EventCountry "AUT"]
[SourceTitle "EXT 2022"]
[Source "ChessBase"]
[SourceDate "2021.10.06"]
[SourceVersion "1"]
[SourceVersionDate "2021.10.06"]
[SourceQuality "1"]

1. e4 c5 2. Nf3 d6 3. Bb5+ Nc6 4. Bxc6+ bxc6 5. Nc3 Nf6 6. 0-0 g6 7. e5 Nd5 8. Nxd5 cxd5 9. exd6 Qxd6 10. d4 c4 11. g3 Bg7 12. Bf4 Qc6 13. Be5 0-0 14. Bxg7 Kxg7 15. Ne5 Qf6 16. Qf3 Qe6 17. Rfe1 Qf6 18. Qxd5 Be6 19. Qf3 Rad8 20. Qxf6+ exf6 21. Nf3 Bg4 22. Kg2 Bxf3+ 23. Kxf3 Rxd4 24. c3 Rd2 25. b4 Rc2 26. Rac1 Rxa2 27. b5 Rb8 28. Rb1 Rc2 29. Re7 Rxc3+ 30. Ke2 Ra3 31. Rc1 Ra4 32. Rxc4 Rxc4 33. Kd3 Ra4 34. Kc3 Ra5 35. Kb4 Rbxb5+ 36. Kc4 Rb8 37. Kd4 Ra8 38. f4 Rf5 39. h3 a5 40. g4 Rb5 41. Kc4 Rb1 42. Re4 a4 43. Kc3 a3 44. Kc2 Rbb8 45. Re1 a2 46. Ra1 f5 47. g5 f6 48. gxf6+ Kxf6 49. h4 Ke6 50. Kd3 Rb1 51. Rxa2 Rxa2 52. Kc3 Rh2 53. Kd3 Rh3+ 54. Kd4 Rb4+ 55. Kc5 Rxf4 56. Kc6 Rc4+ 57. Kb5 Rc8 58. Kb6 Rb3+ 59. Ka7 Rc1 60. Ka6 Ra1# 0-1